[Event "Manitoba op"]
[Site "Winnipeg CAN"]
[Date "1997.05.17"]
[Round "2"]
[White "Sekhar, Ganesan"]
[Black "Rasmussen, Barry"]
[Result "0-1"]
[WhiteElo "1925"]
[BlackElo "2228"]
[PlyCount "134"]
[GameId "2160767911965794"]
[EventDate "1997.05.17"]
[EventType "swiss"]
[EventRounds "6"]
[EventCountry "CAN"]

1. e4 d5 2. exd5 Nf6 3. Nc3 Nxd5 4. Bc4 c6 5. Nge2 e6 6. O-O Nd7 7. d3 a5 8. Ne4 Be7 9. a4 O-O 10. Nf4 Ne5 11. Bb3 f5 12. Ng3 Ng4 13. Qe2 Qd6 14. Nh3 h5 15. f3 Nxh2 16. Kxh2 h4 17. f4 hxg3+ 18. Kxg3 Bd7 19. Qe5 Qb4 20. Bxd5 exd5 21. c3 Qd6 22. Qxd6 Bxd6 23. Bd2 Rfe8 24. Ng5 Re2 25. Rf2 Rae8 26. Kf3 Rxf2+ 27. Kxf2 c5 28. c4 dxc4 29. dxc4 Be7 30. Nf3 Bf6 31. Ra2 b6 32. b3 Bc6 33. Be3 Rd8 34. Rd2 Be4 35. Rxd8+ Bxd8 36. Ne1 Bf6 37. Bd2 Kf7 38. g3 Bb1 39. Ng2 Ba2 40. Kf3 Bxb3 41. Ne3 g6 42. g4 fxg4+ 43. Kxg4 Bxa4 44. f5 Bd7 45. Kf4 Bxf5 46. Nxf5 gxf5 47. Kxf5 a4 48. Bc1 Bc3 49. Ba3 Ke7 50. Ke4 Kd6 51. Kd3 Bd4 52. Bc1 Kc6 53. Ba3 b5 54. cxb5+ Kxb5 55. Kc2 Kc4 56. Bc1 Kb4 57. Bd2+ Kc4 58. Bc1 Bf6 59. Ba3 Bd8 60. Kb2 Ba5 61. Ka2 Bb4 62. Bb2 Kd3 63. Bf6 c4 64. Bg5 c3 65. Bc1 Kc2 66. Bg5 Kd1 67. Bf6 c2 0-1

[Event "Manitoba op"]
[Site "Winnipeg CAN"]
[Date "1997.05.18"]
[Round "3"]
[White "Bollenbach, Brad"]
[Black "Kaptsan, Aron"]
[Result "1-0"]
[WhiteElo "2104"]
[BlackElo "2234"]
[PlyCount "79"]
[GameId "2160767911965796"]
[EventDate "1997.05.17"]
[EventType "swiss"]
[EventRounds "6"]
[EventCountry "CAN"]
[SourceTitle "EXT 2001"]
[Source "ChessBase"]
[SourceDate "2000.11.22"]
[SourceVersion "1"]
[SourceVersionDate "2000.11.22"]
[SourceQuality "1"]

1. e4 g6 2. d4 Bg7 3. Nc3 d6 4. f4 c6 5. a4 a5 6. Nf3 Qb6 7. h3 Nf6 8. Bd3 O-O 9. Ne2 Nbd7 10. Be3 c5 11. d5 Nxe4 12. Bxe4 Qb4+ 13. Nd2 Qxb2 14. Rb1 Qa3 15. Bd3 Qxa4 16. Bb5 Qa2 17. Bc4 Qa4 18. Bb5 Qa2 19. Bc4 Qa4 20. O-O b6 21. Bb5 Qa2 22. Bc4 Qa4 23. Rb3 Ba6 24. Bxa6 Rxa6 25. c4 Nf6 26. Qc2 Qd7 27. Nc3 e6 28. Qd3 exd5 29. cxd5 Rfa8 30. Rfb1 a4 31. Rxb6 Rxb6 32. Rxb6 Ne8 33. Nb5 f5 34. Nc4 Bf8 35. Bc1 Qd8 36. Qe3 Rb8 37. Qe6+ Kg7 38. Bb2+ Kh6 39. Ne3 Ng7 40. Qf6 1-0

[Event "Manitoba op"]
[Site "Winnipeg CAN"]
[Date "1997.05.18"]
[Round "3"]
[White "Hanrahan, Nigel"]
[Black "Sekhar, Ganesan"]
[Result "0-1"]
[WhiteElo "1715"]
[BlackElo "1925"]
[PlyCount "80"]
[GameId "2160767911965797"]
[EventDate "1997.05.17"]
[EventType "swiss"]
[EventRounds "6"]
[EventCountry "CAN"]

1. Nf3 g6 2. c4 Bg7 3. d4 c5 4. e3 d6 5. h3 Nf6 6. Nc3 O-O 7. Bd3 a6 8. a4 Nc6 9. Bd2 Qc7 10. Na2 Bd7 11. Rb1 Rad8 12. d5 Na5 13. b4 cxb4 14. Bxb4 Nxc4 15. Rc1 b5 16. axb5 axb5 17. Bxc4 bxc4 18. Nc3 Rb8 19. Na2 Ra8 20. Qe2 Nxd5 21. Rxc4 Qb7 22. Qd2 Rxa2 23. Qxa2 Nxb4 24. Qb1 Rb8 25. O-O Be6 26. Rf4 Bf5 27. Rxf5 gxf5 28. Qxf5 e6 29. Qh5 Qd5 30. Ng5 Qf5 31. e4 Qg6 32. Qh4 Bf6 33. f4 Rb5 34. Qe1 Bxg5 35. fxg5 Qxg5 36. h4 Qe5 37. Rf3 f5 38. Rg3+ Kf7 39. Rg5 Nd3 40. Qd2 Rb1+ 0-1

[Event "Manitoba op"]
[Site "Winnipeg CAN"]
[Date "1997.05.18"]
[Round "3"]
[White "Kim, Phillip"]
[Black "Babb, Jeff"]
[Result "1-0"]
[WhiteElo "2062"]
[BlackElo "2224"]
[PlyCount "81"]
[GameId "2160767911965798"]
[EventDate "1997.05.17"]
[EventType "swiss"]
[EventRounds "6"]
[EventCountry "CAN"]

1. e4 e5 2. Nf3 Nc6 3. Bb5 Nd4 4. Nxd4 exd4 5. d3 c6 6. Bc4 Nf6 7. O-O d6 8. Nd2 Be7 9. f4 O-O 10. Bb3 d5 11. h3 dxe4 12. dxe4 a5 13. Bc4 b5 14. Bd3 Nd7 15. e5 Nc5 16. Ne4 Nxd3 17. cxd3 Qd5 18. g4 a4 19. Qf3 Bb7 20. Qg3 f5 21. gxf5 Rxf5 22. Kh2 c5 23. Rg1 g6 24. Bd2 Raf8 25. Qg4 Kh8 26. Ng3 Rxe5 27. Raf1 Ref5 28. Nxf5 Rxf5 29. Re1 Qf7 30. Rgf1 Bd6 31. Kg1 Qxa2 32. Re8+ Kg7 33. Qh4 Qd5 34. Kf2 Rf7 35. Ke1 Bc6 36. Rd8 Qe6+ 37. Kd1 Bc7 38. f5 Qb3+ 39. Kc1 Bxd8 40. Bh6+ Kh8 41. Qxd8+ 1-0

[Event "Manitoba op"]
[Site "Winnipeg CAN"]
[Date "1997.05.18"]
[Round "3"]
[White "Nikouline, Alexandre"]
[Black "Barg, Andrew"]
[Result "1-0"]
[WhiteElo "1989"]
[BlackElo "1810"]
[PlyCount "69"]
[GameId "2160767911965799"]
[EventDate "1997.05.17"]
[EventType "swiss"]
[EventRounds "6"]
[EventCountry "CAN"]

1. e4 d5 2. exd5 Qxd5 3. d4 c6 4. Nc3 Qa5 5. Bd2 Qb6 6. Nf3 Nf6 7. Na4 Qd8 8. h3 g6 9. Be2 Bg7 10. Nc5 Nbd7 11. Nd3 O-O 12. c3 Nb6 13. Nde5 Nfd7 14. Ng4 Re8 15. Nh6+ Kf8 16. Qb3 Nd5 17. O-O-O N7f6 18. Bd3 a5 19. c4 Nb4 20. Ng4 Nxd3+ 21. Qxd3 Bxg4 22. hxg4 Nxg4 23. Rxh7 Nxf2 24. Qf1 Ne4 25. Qh1 e6 26. Rxg7 Kxg7 27. Qh6+ Kf6 28. Qh4+ Kg7 29. Bh6+ Kg8 30. Qxe4 Qf6 31. Bg5 Qg7 32. Qe5 f5 33. Bf6 Qh6+ 34. Ng5 Rac8 35. Rd3 1-0

[Event "Manitoba op"]
[Site "Winnipeg CAN"]
[Date "1997.05.18"]
[Round "3"]
[White "Roque, Rodolfo"]
[Black "Avena, Danny"]
[Result "1-0"]
[WhiteElo "1925"]
[BlackElo "1737"]
[PlyCount "79"]
[GameId "2160767911965800"]
[EventDate "1997.05.17"]
[EventType "swiss"]
[EventRounds "6"]
[EventCountry "CAN"]

1. d4 Nf6 2. Bg5 e6 3. Nf3 Be7 4. Nc3 b6 5. e4 Bb7 6. Bd3 d6 7. O-O Nbd7 8. Re1 O-O 9. e5 dxe5 10. dxe5 Nd5 11. Ne4 Nb4 12. Bxe7 Qxe7 13. Neg5 Nxd3 14. Qxd3 g6 15. Qc4 Rfc8 16. Qh4 Nf8 17. Qh6 Rd8 18. Ne4 Bxe4 19. Rxe4 Rd7 20. Qf4 Rad8 21. Rae1 Rd1 22. h4 h5 23. g3 c5 24. Kh2 Nh7 25. R4e2 R8d7 26. Nd2 Rxe1 27. Rxe1 g5 28. Qe3 f6 29. exf6 Qxf6 30. Ne4 Qxb2 31. Nxg5 Nxg5 32. Qxg5+ Rg7 33. Qd8+ Kh7 34. Qd3+ Kh8 35. Rxe6 Qd4 36. Qf5 Qg4 37. Rh6+ Kg8 38. Qd5+ Rf7 39. Rxh5 Kf8 40. Qd8+ 1-0

[Event "Manitoba op"]
[Site "Winnipeg CAN"]
[Date "1997.05.18"]
[Round "4"]
[White "Agusti, Marcos"]
[Black "Hanrahan, Nigel"]
[Result "0-1"]
[WhiteElo "1666"]
[BlackElo "1715"]
[PlyCount "132"]
[GameId "2160767911965803"]
[EventDate "1997.05.17"]
[EventType "swiss"]
[EventRounds "6"]
[EventCountry "CAN"]

1. d4 Nf6 2. c4 g6 3. g3 Bg7 4. Bg2 c6 5. Nf3 O-O 6. Nc3 d5 7. cxd5 cxd5 8. O-O Qa5 9. Bd2 Nc6 10. a3 e6 11. Ne4 Qb6 12. Nxf6+ Bxf6 13. Bc3 Bd7 14. e3 Rfc8 15. Rc1 Na5 16. Ne5 Bxe5 17. dxe5 Nc4 18. Bd4 Qb5 19. Rb1 Qa5 20. Bc3 Qa6 21. Qd4 Bb5 22. Rfc1 Qb6 23. Qd1 Qc7 24. Qd4 Qb6 25. Qd1 Rc6 26. Bd4 Qc7 27. f4 Na5 28. Rxc6 bxc6 29. b3 Nb7 30. a4 Ba6 31. Rc1 Rc8 32. b4 Bc4 33. Bf1 Bxf1 34. Kxf1 a6 35. Qd3 Ra8 36. Qc2 Rc8 37. b5 axb5 38. axb5 c5 39. Qb2 Qb6 40. Bc3 c4 41. Ra1 Qxe3 42. Re1 Qd3+ 43. Kf2 Ra8 44. Re3 Qd1 45. Re1 Qa4 46. Ra1 Qxa1 47. Qxa1 Rxa1 48. Bxa1 Kf8 49. Bc3 Ke7 50. Bb4+ Kd7 51. Ke3 Kc7 52. Kd4 Kb6 53. Ba3 Kxb5 54. h3 Ka4 55. Bc1 Kb3 56. Bd2 Kc2 57. Bb4 Kb3 58. Bd2 Ka4 59. g4 Kb5 60. f5 Nd8 61. Bf4 Nc6+ 62. Kc3 d4+ 63. Kc2 Kb4 64. fxe6 fxe6 65. h4 d3+ 66. Kc1 c3 0-1

[Event "Manitoba op"]
[Site "Winnipeg CAN"]
[Date "1997.05.18"]
[Round "4"]
[White "Babb, Jeff"]
[Black "Sekhar, Ganesan"]
[Result "0-1"]
[WhiteElo "2224"]
[BlackElo "1925"]
[PlyCount "124"]
[GameId "2160767911965804"]
[EventDate "1997.05.17"]
[EventType "swiss"]
[EventRounds "6"]
[EventCountry "CAN"]

1. e4 e5 2. Nc3 Nc6 3. Bc4 d6 4. d3 Be7 5. f4 Nf6 6. Nf3 Bg4 7. h3 Bxf3 8. Qxf3 Nd4 9. Qd1 c6 10. a4 O-O 11. O-O Qe8 12. Be3 Rd8 13. Bxd4 exd4 14. Ne2 d5 15. exd5 Nxd5 16. Bxd5 Rxd5 17. Qd2 Qd7 18. Rf3 a5 19. Raf1 f5 20. Kh2 Rf6 21. Nc1 Bd6 22. Kh1 Re6 23. Nb3 Qe7 24. R3f2 Re3 25. Nc1 g5 26. Ne2 g4 27. g3 gxh3 28. Rh2 Bb4 29. Qd1 Rd6 30. Rff2 Rde6 31. c3 dxc3 32. bxc3 Bxc3 33. Qb3 Qb4 34. Qa2 Qb2 35. Qc4 Qb1+ 36. Ng1 Qxd3 37. Qxd3 Rxd3 38. Rxh3 Bd4 39. Rf1 Ree3 40. Rh5 Rxg3 41. Rxf5 b6 42. Ne2 Rh3+ 43. Kg2 Bc5 44. Rg5+ Kf7 45. Ng3 Rh6 46. Ne4 Be7 47. Re5 Rg6+ 48. Ng5+ Kf8 49. Kf2 h6 50. Ne4 Rd5 51. Rxd5 cxd5 52. Nc3 d4 53. Nb5 Bc5 54. Kf3 Re6 55. Rd1 Re3+ 56. Kg4 d3 57. Kf5 Bb4 58. Nd4 d2 59. Nc2 Re1 60. Rxd2 Bxd2 61. Nxe1 Bxe1 62. Kg6 Bd2 0-1

[Event "Manitoba op"]
[Site "Winnipeg CAN"]
[Date "1997.05.18"]
[Round "4"]
[White "Kaptsan, Aron"]
[Black "Roque, Rudy"]
[Result "1-0"]
[WhiteElo "2234"]
[BlackElo "1925"]
[PlyCount "61"]
[GameId "2160767911965805"]
[EventDate "1997.05.17"]
[EventType "swiss"]
[EventRounds "6"]
[EventCountry "CAN"]
[SourceTitle "EXT 2001"]
[Source "ChessBase"]
[SourceDate "2000.11.22"]
[SourceVersion "1"]
[SourceVersionDate "2000.11.22"]
[SourceQuality "1"]

1. d4 d5 2. c4 e5 3. dxe5 d4 4. Nf3 c5 5. e3 Nc6 6. exd4 cxd4 7. Bd3 h6 8. O-O Be6 9. a3 Qc7 10. Re1 O-O-O 11. b4 g5 12. Qe2 Be7 13. Nfd2 g4 14. c5 Bg5 15. Ne4 Bxc1 16. Nd6+ Kb8 17. Rxc1 Qe7 18. Nd2 Qg5 19. N2c4 h5 20. b5 h4 21. bxc6 g3 22. Qb2 Bc8 23. Nxc8 Rd7 24. cxd7 h3 25. fxg3 hxg2 26. Rcb1 Kc7 27. Qxb7+ Kd8 28. Nxa7 Ne7 29. Qc8+ Nxc8 30. dxc8=Q+ Ke7 31. Nc6# 1-0

[Event "Manitoba op"]
[Site "Winnipeg CAN"]
[Date "1997.05.18"]
[Round "4"]
[White "Kim, Phillip"]
[Black "Bollenbach, Brad"]
[Result "0-1"]
[WhiteElo "2062"]
[BlackElo "2104"]
[PlyCount "67"]
[GameId "2160767911965806"]
[EventDate "1997.05.17"]
[EventType "swiss"]
[EventRounds "6"]
[EventCountry "CAN"]

1. d4 g6 2. e4 Bg7 3. Nc3 d6 4. Be3 Nf6 5. Qd2 Nc6 6. f3 e5 7. d5 Ne7 8. O-O-O O-O 9. g4 Ne8 10. h4 f5 11. gxf5 gxf5 12. Bh6 Rf7 13. Nh3 f4 14. Bxg7 Rxg7 15. Ng5 Ng6 16. Bh3 Bxh3 17. Rxh3 Qd7 18. Ne6 Nf8 19. Nxg7 Qxh3 20. Nf5 Ng7 21. Rg1 Ng6 22. Qg2 Qxg2 23. Rxg2 Nh5 24. Rg5 Ng7 25. h5 Kf7 26. Nxg7 Kxg7 27. hxg6 hxg6 28. Nb5 Rc8 29. Nxa7 Rh8 30. Rg2 Rh3 31. Rf2 Rh7 32. Nb5 Kf8 33. Rg2 Rg7 34. c4 0-1

[Event "Manitoba op"]
[Site "Winnipeg CAN"]
[Date "1997.05.18"]
[Round "4"]
[White "Lukic, Luka"]
[Black "Nikouline, Alexandre"]
[Result "1/2-1/2"]
[WhiteElo "1960"]
[BlackElo "1989"]
[PlyCount "150"]
[GameId "2160767911965807"]
[EventDate "1997.05.17"]
[EventType "swiss"]
[EventRounds "6"]
[EventCountry "CAN"]

1. d4 Nf6 2. Nf3 e6 3. Bg5 h6 4. Bh4 Be7 5. Nbd2 b6 6. e4 Bb7 7. Bd3 c5 8. c3 Nc6 9. a3 Rc8 10. O-O O-O 11. Rc1 d6 12. Bb1 e5 13. d5 Nb8 14. Bxf6 Bxf6 15. Ne1 Bg5 16. c4 Rc7 17. g3 Bxd2 18. Qxd2 Bc8 19. f4 Bh3 20. Ng2 Nd7 21. f5 Qg5 22. Qxg5 hxg5 23. Rf2 Nf6 24. Ne3 Ng4 25. Nxg4 Bxg4 26. Kg2 f6 27. h3 Bh5 28. g4 Be8 29. Rh1 b5 30. Bd3 Rb7 31. Rc1 bxc4 32. Bxc4 a5 33. Ba6 Rb8 34. Rc3 Bb5 35. Bxb5 Rxb5 36. b3 Rfb8 37. Rff3 Kf8 38. Rfd3 Ke7 39. Kf3 Kd7 40. Ke3 a4 41. bxa4 Rb2 42. Rd2 Kc7 43. Rxb2 Rxb2 44. Kd3 Kb6 45. Rc2 Rb3+ 46. Rc3 Rb1 47. Kc2 Re1 48. Rb3+ Ka7 49. a5 Rxe4 50. Rb6 Ra4 51. Kb3 Rxa5 52. Rxd6 Kb8 53. Rd8+ Kc7 54. Rg8 Kd6 55. Rd8+ Kc7 56. Rg8 Kd6 57. Rxg7 Kxd5 58. Rd7+ Ke4 59. Rd6 Ra8 60. Rxf6 c4+ 61. Kxc4 Rxa3 62. Rh6 Ra8 63. Re6 Rc8+ 64. Kb5 Kf4 65. f6 Rf8 66. Kc6 Kg3 67. Kd6 Kxh3 68. Ke7 Ra8 69. f7 Kxg4 70. Rxe5 Kf4 71. Kf6 g4 72. Re8 Ra6+ 73. Kg7 Ra7 74. Kg6 Rxf7 75. Kxf7 g3 1/2-1/2

[Event "Manitoba op"]
[Site "Winnipeg CAN"]
[Date "1997.05.18"]
[Round "4"]
[White "Magyar, Peter"]
[Black "Ott, Richard"]
[Result "0-1"]
[WhiteElo "1384"]
[BlackElo "1439"]
[PlyCount "68"]
[GameId "2160767911965808"]
[EventDate "1997.05.17"]
[EventType "swiss"]
[EventRounds "6"]
[EventCountry "CAN"]

1. e4 c5 2. Nc3 Nc6 3. g3 e6 4. Bg2 g6 5. d3 Bg7 6. f4 Bxc3+ 7. bxc3 d5 8. e5 Nge7 9. Nf3 Rb8 10. O-O b5 11. Bh3 d4 12. Bd2 dxc3 13. Bxc3 b4 14. Bb2 Nd5 15. Qd2 Qb6 16. c4 bxc3 17. Bxc3 Nxc3 18. Qxc3 Nd4 19. Nxd4 cxd4 20. Qc4 Ba6 21. Qa4+ Bb5 22. Qc2 O-O 23. Rab1 Qa6 24. Rf3 Rfc8 25. Qd2 Qa4 26. Rb4 Qa3 27. Rxd4 Rc1+ 28. Rf1 Rc3 29. Rf3 Qc5 30. Qe3 Bc6 31. Rc4 Rb1+ 32. Bf1 Rxc4 33. dxc4 Qxc4 34. Rf2 Qd5 0-1

[Event "Manitoba op"]
[Site "Winnipeg CAN"]
[Date "1997.05.18"]
[Round "4"]
[White "Rasmussen, Barry"]
[Black "Langner, David"]
[Result "1/2-1/2"]
[WhiteElo "2228"]
[BlackElo "2273"]
[PlyCount "98"]
[GameId "2160767911965809"]
[EventDate "1997.05.17"]
[EventType "swiss"]
[EventRounds "6"]
[EventCountry "CAN"]

1. e4 c5 2. Nf3 Nc6 3. d4 cxd4 4. Nxd4 e5 5. Nb5 d6 6. c4 Be7 7. b3 a6 8. N5c3 Nf6 9. Bd3 O-O 10. O-O Be6 11. Nd5 Nd4 12. Nbc3 Nxd5 13. cxd5 Bd7 14. Ne2 Nxe2+ 15. Qxe2 Bg5 16. f4 exf4 17. Bxf4 Bxf4 18. Rxf4 Qg5 19. Raf1 Rac8 20. Qf2 f6 21. Qb6 Rc3 22. R4f3 Qe5 23. Qxb7 Bg4 24. Rg3 Qd4+ 25. Kh1 Rxd3 26. Rxg4 g5 27. Qxa6 h5 28. Rg3 Rxg3 29. hxg3 Qe5 30. Qd3 Kg7 31. a4 h4 32. g4 Rc8 33. Qa6 Rc2 34. Qa7+ Kg6 35. Qe3 Rc3 36. Qf2 Rxb3 37. Qf5+ Qxf5 38. exf5+ Kf7 39. Ra1 Rb6 40. a5 Ra6 41. Kg1 Ke7 42. Kf2 Kd7 43. Ke3 Kc7 44. Kd4 Kb7 45. Kc4 Ra8 46. Rb1+ Kc7 47. Rb5 Re8 48. a6 Re4+ 49. Kb3 Rxg4 1/2-1/2

[Event "Manitoba op"]
[Site "Winnipeg CAN"]
[Date "1997.05.19"]
[Round "5"]
[White "Bollenbach, Brad"]
[Black "Rasmussen, Barry"]
[Result "1/2-1/2"]
[WhiteElo "2104"]
[BlackElo "2228"]
[PlyCount "67"]
[GameId "2160767911965812"]
[EventDate "1997.05.17"]
[EventType "swiss"]
[EventRounds "6"]
[EventCountry "CAN"]

1. e4 d5 2. exd5 Nf6 3. Nc3 Nxd5 4. Nge2 c6 5. d4 g6 6. Be3 Nxe3 7. fxe3 Bh6 8. Qd3 Qb6 9. h4 Bg4 10. h5 Nd7 11. b4 O-O-O 12. b5 c5 13. a4 Qa5 14. d5 Bxe2 15. Bxe2 Bg7 16. Ra3 Nb6 17. O-O c4 18. Qd2 Nxd5 19. Nb1 c3 20. Qe1 Nxe3 21. Rxf7 Bd4 22. Kh1 Nxc2 23. Bg4+ Kb8 24. Qxe7 Qb6 25. a5 Qxb5 26. Qc7+ Ka8 27. a6 Qxb1+ 28. Kh2 Rb8 29. Bf3 Qg1+ 30. Kh3 Qh1+ 31. Kg3 Qe1+ 32. Kh3 Qh1+ 33. Kg3 Qf1 34. Kh3 1/2-1/2

[Event "Manitoba op"]
[Site "Winnipeg CAN"]
[Date "1997.05.19"]
[Round "5"]
[White "Cyncore, Dauwyn"]
[Black "Hassain, Mahmud"]
[Result "1/2-1/2"]
[WhiteElo "1899"]
[BlackElo "2019"]
[PlyCount "65"]
[GameId "2160767911965813"]
[EventDate "1997.05.17"]
[EventType "swiss"]
[EventRounds "6"]
[EventCountry "CAN"]

1. e4 c5 2. Nf3 d6 3. d4 cxd4 4. Nxd4 Nf6 5. Nc3 g6 6. Be3 Bg7 7. f3 a6 8. Qd2 b5 9. Bh6 Bxh6 10. Qxh6 Qb6 11. Qd2 Nbd7 12. Nb3 Bb7 13. Qd4 Rc8 14. Qxb6 Nxb6 15. O-O-O O-O 16. Rd2 Rc7 17. Bd3 Ra8 18. a3 Nc4 19. Bxc4 bxc4 20. Na5 Rb8 21. Rd4 Rbc8 22. Nxb7 Rxb7 23. Re1 Nd7 24. f4 Rc6 25. Nd5 Kf8 26. Nb4 Rc5 27. Nxa6 Ra5 28. Nb4 c3 29. Re3 e5 30. fxe5 dxe5 31. Rd5 cxb2+ 32. Kxb2 Nc5 33. Kc1 1/2-1/2

[Event "Manitoba op"]
[Site "Winnipeg CAN"]
[Date "1997.05.19"]
[Round "5"]
[White "Hanrahan, Nigel"]
[Black "Barg, Andrew"]
[Result "0-1"]
[WhiteElo "1715"]
[BlackElo "1810"]
[PlyCount "104"]
[GameId "2160767911965814"]
[EventDate "1997.05.17"]
[EventType "swiss"]
[EventRounds "6"]
[EventCountry "CAN"]

1. e4 c5 2. Nf3 d6 3. d3 Nf6 4. Be2 g6 5. c3 Bg7 6. O-O Nc6 7. h3 O-O 8. Be3 Bd7 9. Nbd2 b5 10. d4 cxd4 11. cxd4 a6 12. a3 Qb8 13. b4 Qb7 14. Ra2 Rac8 15. Qb1 Rc7 16. Rc1 Rfc8 17. Rac2 Be8 18. d5 Nb8 19. Nd4 Nbd7 20. f3 Nb6 21. Rxc7 Rxc7 22. Rxc7 Qxc7 23. Qc2 Qxc2 24. Nxc2 Na4 25. Bd4 Nd7 26. Bxg7 Kxg7 27. Kf2 g5 28. Nd4 Ne5 29. Ke3 Bd7 30. Nc2 Nc3 31. Kf2 Nxe2 32. Kxe2 h5 33. Nf1 h4 34. Nh2 f5 35. exf5 Bxf5 36. Nd4 Kf6 37. Ng4+ Nxg4 38. fxg4 Be4 39. Nf3 Bxd5 40. Ke3 e5 41. Ne1 Bc6 42. Kf2 e4 43. g3 hxg3+ 44. Kxg3 d5 45. Nc2 Ke5 46. h4 gxh4+ 47. Kxh4 d4 48. Kg5 e3 49. Kh6 Ke4 50. g5 d3 51. g6 dxc2 52. g7 Bd5 0-1

[Event "Manitoba op"]
[Site "Winnipeg CAN"]
[Date "1997.05.19"]
[Round "5"]
[White "Kurlyandchik, Evgeni"]
[Black "Udarbe, Steve"]
[Result "1/2-1/2"]
[WhiteElo "2160"]
[BlackElo "1955"]
[PlyCount "50"]
[GameId "2160767911965815"]
[EventDate "1997.05.17"]
[EventType "swiss"]
[EventRounds "6"]
[EventCountry "CAN"]
[SourceTitle "EXT 2001"]
[Source "ChessBase"]
[SourceDate "2000.11.22"]
[SourceVersion "1"]
[SourceVersionDate "2000.11.22"]
[SourceQuality "1"]

1. e4 e6 2. Nf3 d5 3. Nc3 a6 4. d4 Nf6 5. Bd3 dxe4 6. Nxe4 Be7 7. O-O Nbd7 8. c4 O-O 9. b3 Nxe4 10. Bxe4 Bf6 11. Bb2 c5 12. Qc2 g6 13. Rad1 cxd4 14. Nxd4 Qb6 15. Nf3 Re8 16. Rfe1 Qc5 17. Bxb7 Bxb7 18. Rxd7 Bc6 19. Rd3 Bxb2 20. Qxb2 Bxf3 21. Rxf3 Red8 22. Qf6 Rd7 23. h3 Rad8 24. Qe5 Qa3 25. Kh2 Rd2 1/2-1/2

[Event "Manitoba op"]
[Site "Winnipeg CAN"]
[Date "1997.05.19"]
[Round "5"]
[White "Langner, David"]
[Black "Kim, Phillip"]
[Result "1-0"]
[WhiteElo "2273"]
[BlackElo "2062"]
[PlyCount "85"]
[GameId "2160767911965816"]
[EventDate "1997.05.17"]
[EventType "swiss"]
[EventRounds "6"]
[EventCountry "CAN"]

1. e4 d5 2. exd5 Nf6 3. c4 c6 4. d4 cxd5 5. Nc3 g6 6. Nf3 Bg7 7. Be2 O-O 8. O-O Nc6 9. Re1 h6 10. Ne5 dxc4 11. Nxc6 bxc6 12. Bxc4 Nd5 13. Bb3 Nxc3 14. bxc3 e6 15. Qf3 Bb7 16. Bf4 Re8 17. Be5 Rc8 18. Rab1 Ba8 19. Qe3 h5 20. Rbd1 Qa5 21. Bd6 Bf8 22. Bxf8 Rxf8 23. Qh6 Qf5 24. Re5 Qf6 25. Rxh5 Qg7 26. Qxg7+ Kxg7 27. Rc5 Rb8 28. Re1 Rb5 29. Ree5 Rfb8 30. h4 Kf6 31. Kf1 Ke7 32. Ke2 Kd6 33. Kd3 a5 34. c4 Rxc5 35. Rxc5 a4 36. Bc2 e5 37. Rxe5 c5 38. Rxc5 Bxg2 39. h5 gxh5 40. Rxh5 Rb2 41. Ra5 Bf1+ 42. Kc3 Rxa2 43. Rxa4 1-0

[Event "Manitoba op"]
[Site "Winnipeg CAN"]
[Date "1997.05.19"]
[Round "5"]
[White "Nikouline, Alexandre"]
[Black "Kuryliw, Ray"]
[Result "1-0"]
[WhiteElo "1989"]
[BlackElo "1929"]
[PlyCount "93"]
[GameId "2160767911965817"]
[EventDate "1997.05.17"]
[EventType "swiss"]
[EventRounds "6"]
[EventCountry "CAN"]

1. e4 e5 2. Nf3 Nc6 3. Bb5 f5 4. Bxc6 dxc6 5. Nxe5 Nf6 6. d4 fxe4 7. Bg5 Bf5 8. Nd2 Be7 9. c3 Qd5 10. Ndc4 Be6 11. Ne3 Qb5 12. b4 Bxb4 13. cxb4 Qxb4+ 14. Qd2 Qxd2+ 15. Kxd2 O-O-O 16. Kc3 Nd5+ 17. Nxd5 Rxd5 18. Rab1 c5 19. Bf4 cxd4+ 20. Kd2 Rf8 21. Bg3 Rf5 22. f4 Ra5 23. Rb2 c5 24. Rhb1 Bd5 25. Rc1 b6 26. Nc4 Bxc4 27. Rxc4 Ra3 28. Rbc2 Kd7 29. Ke1 Kc6 30. Rxd4 Rxa2 31. Rxa2 cxd4 32. Rxa7 Ra5 33. Re7 e3 34. Ke2 Ra2+ 35. Kd3 Rd2+ 36. Ke4 e2 37. Rxg7 e1=Q+ 38. Bxe1 Re2+ 39. Kxd4 Rxe1 40. Rxh7 b5 41. Rh6+ Kd7 42. Kc5 Rb1 43. f5 Ke7 44. g4 b4 45. Kc4 b3 46. Kc3 b2 47. h3 1-0

[Event "Manitoba op"]
[Site "Winnipeg CAN"]
[Date "1997.05.19"]
[Round "5"]
[White "Roque, Rodolfo"]
[Black "Plocek, Jaroslav"]
[Result "1-0"]
[WhiteElo "1915"]
[BlackElo "1689"]
[PlyCount "59"]
[GameId "2160767911965818"]
[EventDate "1997.05.17"]
[EventType "swiss"]
[EventRounds "6"]
[EventCountry "CAN"]

1. d4 d5 2. Nc3 e6 3. a3 Nf6 4. Nf3 c5 5. e3 a6 6. Be2 Nc6 7. O-O c4 8. Ne5 Qc7 9. f4 Be7 10. Kh1 O-O 11. Qe1 b5 12. Nd1 Ne4 13. Bf3 f6 14. Nxc6 Qxc6 15. Bxe4 dxe4 16. Bd2 f5 17. Bc3 Qc7 18. Qe2 Bf6 19. Nf2 Bd7 20. g4 h6 21. Rg1 Qd8 22. Nh3 Be8 23. g5 hxg5 24. fxg5 Be7 25. g6 Rf6 26. Nf4 Bd6 27. Qh5 Bxf4 28. exf4 e3 29. Qh7+ Kf8 30. Bb4+ 1-0

[Event "Manitoba op"]
[Site "Winnipeg CAN"]
[Date "1997.05.19"]
[Round "5"]
[White "Sekhar, Ganesan"]
[Black "Kaptsan, Aron"]
[Result "0-1"]
[WhiteElo "1925"]
[BlackElo "2234"]
[PlyCount "106"]
[GameId "2160767911965819"]
[EventDate "1997.05.17"]
[EventType "swiss"]
[EventRounds "6"]
[EventCountry "CAN"]
[SourceTitle "EXT 2001"]
[Source "ChessBase"]
[SourceDate "2000.11.22"]
[SourceVersion "1"]
[SourceVersionDate "2000.11.22"]
[SourceQuality "1"]

1. e4 g6 2. d4 Bg7 3. Bc4 c5 4. Ne2 cxd4 5. Nxd4 Nc6 6. c3 Qb6 7. Nb3 Nf6 8. Be3 Qc7 9. N1d2 O-O 10. O-O Ne5 11. Be2 d5 12. f3 dxe4 13. Nxe4 Nxe4 14. fxe4 Nc4 15. Bxc4 Qxc4 16. Qd5 Qc7 17. Qc5 Qxc5 18. Bxc5 Re8 19. Rfd1 b6 20. Bd4 e5 21. Bf2 Bg4 22. Rd5 Rad8 23. Bh4 f6 24. Kf1 Be6 25. Rdd1 Kf7 26. Nd2 g5 27. Bf2 Rd3 28. a4 Red8 29. Ke1 R8d7 30. a5 bxa5 31. Nf1 Rxd1+ 32. Rxd1 Rxd1+ 33. Kxd1 a6 34. Kc2 a4 35. Bb6 f5 36. Kd3 f4 37. c4 Ke8 38. Kc3 Bd7 39. Kb4 Bc6 40. Nd2 Bf8+ 41. Ka5 Kd7 42. c5 g4 43. Kxa6 h5 44. Ba7 Bh6 45. Nc4 Bxe4 46. Nxe5+ Ke6 47. Bb8 f3 48. gxf3 gxf3 49. Nxf3 Bxf3 50. Kb5 Bd1 51. c6 Bg7 52. Bf4 Bxb2 53. Kb6 Kd5 0-1

[Event "Manitoba op"]
[Site "Winnipeg CAN"]
[Date "1997.05.19"]
[Round "6"]
[White "Kaptsan, Aron"]
[Black "Langner, David"]
[Result "1-0"]
[WhiteElo "2234"]
[BlackElo "2273"]
[PlyCount "91"]
[GameId "2160767911965821"]
[EventDate "1997.05.17"]
[EventType "swiss"]
[EventRounds "6"]
[EventCountry "CAN"]
[SourceTitle "EXT 2001"]
[Source "ChessBase"]
[SourceDate "2000.11.22"]
[SourceVersion "1"]
[SourceVersionDate "2000.11.22"]
[SourceQuality "1"]

1. d4 Nf6 2. c4 g6 3. Nc3 Bg7 4. e4 d6 5. f4 O-O 6. Nf3 c5 7. d5 e6 8. Be2 exd5 9. exd5 Nh5 10. O-O Bxc3 11. bxc3 Ng7 12. Be3 Bg4 13. h3 Bxf3 14. Bxf3 f5 15. Bf2 Nd7 16. Rb1 b6 17. Re1 Qf6 18. Qa4 Qd8 19. Re3 Re8 20. Rbe1 Rxe3 21. Rxe3 Kf7 22. Qc6 Nf6 23. Re6 Nfe8 24. Bh4 Qxh4 25. Qxa8 Qxf4 26. Qxa7+ Kg8 27. Re1 Qxc4 28. Qa3 Qh4 29. Re2 g5 30. Qc1 Nf6 31. Qe1 Qf4 32. Re3 Nd7 33. g3 Qa4 34. Re8+ Nf8 35. Rd8 Qa7 36. Rxd6 b5 37. Qe3 Qc7 38. Qe5 Ng6 39. Qf6 Ne8 40. Qe6+ Kf8 41. Qxf5+ Kg8 42. Qe6+ Kf8 43. Rd7 Qxg3+ 44. Bg2 Qf4 45. Rd8 Qc1+ 46. Bf1 1-0